000 00601pam a2200217 a 4500
001 1895438
005 20171220074220.0
008 840217s1985 nyua b 001 0 eng
010 _a 84004339
020 _a0070411980 :
_c$29.95
040 _aDLC
_cDLC
_dDLC
041 _aeng
080 _a384.024658 MEA
082 0 0 _a384.024658 MEA
_219
100 1 _a54
101 _aMEN
245 1 0 _aTelecommunications for management /
_cCharles T. Meadow, Albert S. Tedesco.
504 _aIncludes bibliographies and index.
906 _a7
_bcbc
_corignew
_d1
_eocip
_f19
_gy-gencatlg
942 _2ddc
_cBK
999 _c39231
_d39231